000
00224nam a2200121Ia 4500
100
_a
#N/A
650
_a
Computer/ IT
942
_c
BK
654
_a
LINUX
245
_a
Live Linux Gamer
260
_b
#N/A
546
_a
ENGLISH
999
_c
29472
_d
29472